00397nam a2200157Ia 450000500170000000800410001702000150005808200130007310000180008624500300010426000440013430000180017865000130019665000130020965000170022220240731042830.0240331s9999 xx 000 0 und d a9559098047 a294bPER aPerera, L.P.N 0aBuddhism and human rights aColombobKarunaratne & Sons Ltd.c1991 axvi, 145 p ., aReligion aBuddhism aHuman Rights